| 000 | 01074nam0a2200301 4500 | ||
|---|---|---|---|
| 001 | RU\NLR\bibl\120446 | ||
| 005 | 20250617100459.0 | ||
| 021 |
_aRU _b98-26349 _91257 |
||
| 035 | _a(NLR Aleph) 000117956 | ||
| 090 |
_a670961 _c670961 |
||
| 100 | _a20001129d1995 |||y0rusy50 ca | ||
| 101 | 0 | _arus | |
| 102 | _aRU | ||
| 105 | _ay ||||||||| | ||
| 200 | 1 |
_aУсловия и некоторые вопросы развития овцеводства в Туве _fНиколай Конгар |
|
| 210 |
_aКызыл _cНовости Тувы _d1995 |
||
| 215 |
_a64, [31] с. _d20 |
||
| 320 | _aБиблиогр. в подстроч. примеч. | ||
| 606 | 0 |
_aОвцеводство _yТува _92123683 _3RU\NLR\auth\661282081 |
|
| 606 | 0 |
_aОвцеводство _yТыва, Республика _92186492 _3RU\NLR\auth\661314584 |
|
| 686 | _aП661(2Р54) | ||
| 700 | 1 |
_aКонгар _bН. М. _gНиколай М. _4070 |
|
| 801 | 0 |
_aRU _bNLR _c20001129 _gPSBO |
|
| 801 | 1 |
_aRU _bNLR _c20001129 |
|
| 852 |
_aNLR _j98-4/13145 |
||
| 942 | _cBOOK | ||
| 980 | _aNB | ||